[Event "7. Abierto Int. Carlos I Silgar 2015"]
[Site "Sanxenxo ESP"]
[Date "2015.06.22"]
[Round "3.3"]
[White "Rodriguez Lopez, Rafael"]
[Black "Movsziszian, Karen"]
[Result "1/2-1/2"]
[WhiteElo "2257"]
[BlackElo "2483"]
[PlyCount "89"]
[EventDate "2015.06.20"]
[EventType "swiss"]
[EventRounds "9"]
[EventCountry "ESP"]
[SourceTitle "Ajedrez en Madrid"]
[Source "lmi"]
[SourceDate "2015.06.20"]

1. e4 g6 2. d4 Bg7 3. Nc3 a6 4. f4 d5 5. e5 h5 6. Nf3 Bg4 7. h3 Bxf3 8. Qxf3 e6
9. Be3 h4 10. Bf2 Ne7 11. Bd3 Nd7 12. Ne2 c5 13. c3 Rc8 14. O-O Nf5 15. Bxf5
gxf5 16. c4 Nb6 17. cxd5 Qxd5 18. Qxd5 Nxd5 19. dxc5 Bf8 20. Rac1 Nb4 21. Rfd1
Nxa2 22. Rc4 b5 23. Rc2 Nb4 24. Rcc1 Be7 25. Be1 Nd5 26. b4 a5 27. bxa5 Bxc5+
28. Bf2 Bxf2+ 29. Kxf2 Rxc1 30. Rxc1 Kd7 31. Rc5 b4 32. Rb5 Rc8 33. Rb7+ Rc7
34. Rxc7+ Kxc7 35. g3 b3 36. Nd4 b2 37. Nb5+ Kc6 38. Na3 hxg3+ 39. Kxg3 Kc5 40.
a6 Kb4 41. Nb1 Kb3 42. a7 Nb6 43. h4 Kc2 44. Na3+ Kb3 45. Nb1 1/2-1/2

[Event "7. Abierto Int. Carlos I Silgar 2015"]
[Site "Sanxenxo ESP"]
[Date "2015.06.22"]
[Round "3.4"]
[White "Kantans, Toms"]
[Black "Perez Negro, Jose M"]
[Result "1-0"]
[WhiteElo "2451"]
[BlackElo "2106"]
[PlyCount "55"]
[EventDate "2015.06.20"]
[EventType "swiss"]
[EventRounds "9"]
[EventCountry "ESP"]
[SourceTitle "Ajedrez en Madrid"]
[Source "lmi"]
[SourceDate "2015.06.20"]

1. e4 c5 2. Nf3 d6 3. d4 cxd4 4. Nxd4 Nf6 5. Nc3 a6 6. Be3 e5 7. Nb3 Be6 8. f3
Nbd7 9. Qd2 b5 10. O-O-O Nb6 11. Qf2 Nfd7 12. Kb1 Rc8 13. Nd5 Nc4 14. Bc1 Ndb6
15. f4 Bxd5 16. exd5 Qf6 17. Bxc4 Nxc4 18. Qa7 Be7 19. Qxa6 O-O 20. fxe5 Qxe5
21. Rde1 Qxd5 22. Rxe7 Rc6 23. Qb7 Qxg2 24. Ree1 Ne5 25. Nd4 Rxc2 26. Qxg2 Rxg2
27. Reg1 Rf2 28. Be3 1-0

[Event "7. Abierto Int. Carlos I Silgar 2015"]
[Site "Sanxenxo ESP"]
[Date "2015.06.22"]
[Round "3.5"]
[White "Cubero Ferreiro, Rodrigo"]
[Black "Suarez Gomez, Julio"]
[Result "0-1"]
[WhiteElo "2105"]
[BlackElo "2400"]
[PlyCount "130"]
[EventDate "2015.06.20"]
[EventType "swiss"]
[EventRounds "9"]
[EventCountry "ESP"]
[SourceTitle "Ajedrez en Madrid"]
[Source "lmi"]
[SourceDate "2015.06.20"]

1. e4 e5 2. Nf3 Nc6 3. Bc4 Nf6 4. d3 Be7 5. c3 d6 6. Bb3 O-O 7. Nbd2 Na5 8. Bc2
c5 9. Nf1 Re8 10. Ng3 Bf8 11. O-O Nc6 12. h3 g6 13. Bg5 h6 14. Bd2 Bg7 15. Qc1
Kh7 16. Nh2 d5 17. Kh1 Be6 18. Qd1 Qd7 19. Qe2 Rad8 20. Rfd1 Qe7 21. Kg1 a6 22.
a4 Rd7 23. a5 Red8 24. Ba4 Rc7 25. Be3 d4 26. Bd2 dxc3 27. Bxc3 Nd4 28. Bxd4
cxd4 29. Qd2 Rdc8 30. Nf3 Nd7 31. Bxd7 Qxd7 32. Rdc1 Qb5 33. Ne2 Bf8 34. Rxc7
Rxc7 35. Qd1 Bb3 36. Nexd4 exd4 37. Nxd4 Bxd1 38. Nxb5 axb5 39. Rxd1 Bg7 40. d4
Rc4 41. e5 Kg8 42. f4 Kf8 43. g3 Ke7 44. Rd2 Kd7 45. Kf2 Bf8 46. Kf3 Bb4 47.
Rd3 Bxa5 48. Ke4 Ke6 49. b3 f5+ 50. exf6 Rc8 51. g4 Kxf6 52. h4 Re8+ 53. Kd5
Bb4 54. Rf3 h5 55. Rg3 hxg4 56. Rxg4 Kf5 57. Rg5+ Kxf4 58. Rxg6 Rd8+ 59. Ke6
Rd6+ 60. Kf7 Rxg6 61. Kxg6 Ke4 62. h5 Kxd4 63. h6 Bc3 64. Kf5 Kc5 65. Ke4 Kb4
0-1

[Event "7. Abierto Int. Carlos I Silgar 2015"]
[Site "Sanxenxo ESP"]
[Date "2015.06.22"]
[Round "3.6"]
[White "Portela Peleteiro, Alberto"]
[Black "Abal Cores, Lucas"]
[Result "0-1"]
[WhiteElo "2105"]
[BlackElo "2373"]
[PlyCount "76"]
[EventDate "2015.06.20"]
[EventType "swiss"]
[EventRounds "9"]
[EventCountry "ESP"]
[SourceTitle "Ajedrez en Madrid"]
[Source "lmi"]
[SourceDate "2015.06.20"]

1. e4 c5 2. Nc3 Nc6 3. Nge2 d6 4. g3 g6 5. d4 cxd4 6. Nxd4 Bg7 7. Nde2 Nf6 8.
Bg2 O-O 9. O-O Rb8 10. a4 a6 11. Nd5 b5 12. axb5 axb5 13. h3 Nd7 14. c3 e6 15.
Ne3 Nde5 16. Ra2 Qc7 17. b3 Rd8 18. f4 Nd7 19. Nd4 b4 20. Nxc6 Qxc6 21. c4 Nc5
22. f5 Nxe4 23. fxe6 Bxe6 24. Qf3 f5 25. g4 Qc5 26. gxf5 gxf5 27. Bb2 Bh6 28.
Re1 Ra8 29. Rxa8 Rxa8 30. Kh1 Ra2 31. Nd1 Bf7 32. Rxe4 fxe4 33. Qxe4 Qg5 34.
Qb1 Qd2 35. Be4 Qe1+ 36. Kg2 Rxb2+ 37. Nxb2 Qe2+ 38. Kg3 Bg7 0-1

[Event "7. Abierto Int. Carlos I Silgar 2015"]
[Site "Sanxenxo ESP"]
[Date "2015.06.22"]
[Round "3.7"]
[White "Santos Ruiz, Miguel"]
[Black "Porto Fuentes, Oscar"]
[Result "1-0"]
[WhiteElo "2329"]
[BlackElo "1991"]
[PlyCount "53"]
[EventDate "2015.06.20"]
[EventType "swiss"]
[EventRounds "9"]
[EventCountry "ESP"]
[SourceTitle "Ajedrez en Madrid"]
[Source "lmi"]
[SourceDate "2015.06.20"]

1. e4 c5 2. Nf3 e6 3. g3 Nc6 4. Bg2 d5 5. exd5 exd5 6. O-O Nf6 7. d4 Be7 8.
dxc5 Bxc5 9. Bg5 Be6 10. Nc3 Be7 11. Nd4 O-O 12. Nxe6 fxe6 13. Qe2 Qd6 14. Rfe1
Nd8 15. Bh3 d4 16. Rad1 e5 17. Nb5 Qb6 18. Qc4+ Kh8 19. Rxe5 Nf7 20. Rxe7 Nxg5
21. Bg2 Rac8 22. Qd3 Qc5 23. Qd2 Ng4 24. Qxd4 Nxh2 25. Kxh2 Qxb5 26. Re5 Rxf2
27. Qd8+ 1-0

[Event "7. Abierto Int. Carlos I Silgar 2015"]
[Site "Sanxenxo ESP"]
[Date "2015.06.22"]
[Round "3.8"]
[White "Pena Torres, Jose Carlos"]
[Black "Alvarez Fernandez, Enrique"]
[Result "1/2-1/2"]
[WhiteElo "2000"]
[BlackElo "2314"]
[PlyCount "55"]
[EventDate "2015.06.20"]
[EventType "swiss"]
[EventRounds "9"]
[EventCountry "ESP"]
[SourceTitle "Ajedrez en Madrid"]
[Source "lmi"]
[SourceDate "2015.06.20"]

1. e4 c5 2. Nf3 d6 3. d4 cxd4 4. Nxd4 Nf6 5. Nc3 a6 6. Be2 e5 7. Nb3 Be7 8. O-O
O-O 9. a4 Nc6 10. Be3 Be6 11. f4 exf4 12. Bxf4 d5 13. exd5 Nxd5 14. Nxd5 Bxd5
15. Bc7 Qxc7 16. Qxd5 Nb4 17. Qf3 Nxc2 18. Rac1 Qb6+ 19. Kh1 Ne3 20. a5 Qxb3
21. Rc3 Qxb2 22. Rxe3 Bf6 23. Rb3 Qe5 24. Rxb7 Qxa5 25. Bc4 Rac8 26. Qb3 Qe5
27. Bxa6 Rc3 28. Qd1 1/2-1/2

[Event "7. Abierto Int. Carlos I Silgar 2015"]
[Site "Sanxenxo ESP"]
[Date "2015.06.22"]
[Round "3.9"]
[White "Hoffman, Alejandro"]
[Black "Porras Fernandez, Alberto"]
[Result "1-0"]
[WhiteElo "2456"]
[BlackElo "1713"]
[PlyCount "59"]
[EventDate "2015.06.20"]
[EventType "swiss"]
[EventRounds "9"]
[EventCountry "ESP"]
[SourceTitle "Ajedrez en Madrid"]
[Source "lmi"]
[SourceDate "2015.06.20"]

1. d4 d5 2. c4 c6 3. Nf3 Nf6 4. Qc2 Nbd7 5. g3 e6 6. Bg2 Bb4+ 7. Bd2 Bxd2+ 8.
Nbxd2 O-O 9. O-O Re8 10. Rad1 Qc7 11. e4 dxe4 12. Nxe4 Nxe4 13. Qxe4 Nf6 14.
Qe2 b6 15. Ne5 Bb7 16. c5 Nd5 17. Rfe1 Re7 18. Be4 Nf6 19. Bb1 Rd8 20. Qc2 Rd5
21. Ng4 Rh5 22. Nxf6+ gxf6 23. Qe2 Rg5 24. b4 Rd7 25. h4 Rg7 26. Qf3 f5 27.
Bxf5 Qd8 28. Be4 Rxd4 29. Rxd4 Qxd4 30. Rd1 1-0

[Event "7. Abierto Int. Carlos I Silgar 2015"]
[Site "Sanxenxo ESP"]
[Date "2015.06.22"]
[Round "3.10"]
[White "Torres Dominguez, David"]
[Black "Larino Nieto, David"]
[Result "0-1"]
[WhiteElo "2082"]
[BlackElo "2451"]
[PlyCount "86"]
[EventDate "2015.06.20"]
[EventType "swiss"]
[EventRounds "9"]
[EventCountry "ESP"]
[SourceTitle "Ajedrez en Madrid"]
[Source "lmi"]
[SourceDate "2015.06.20"]

1. e4 c6 2. d4 g6 3. d5 Nf6 4. Nc3 Qa5 5. Bd2 Qb6 6. Rb1 Bg7 7. Bd3 Na6 8. b4
cxd5 9. Nxd5 Nxd5 10. exd5 Qd4 11. Qf3 Nc7 12. c4 d6 13. Ne2 Qh4 14. O-O Be5
15. g3 Bg4 16. Qe3 Qh3 17. Rfe1 Bxe2 18. Rxe2 O-O 19. Be4 Qg4 20. f4 Bxf4 21.
Qf3 Qxf3 22. Bxf3 Bxd2 23. Rxd2 Na6 24. c5 dxc5 25. d6 Nxb4 26. dxe7 Rfe8 27.
a3 Nc6 28. Bxc6 bxc6 29. Rd7 f5 30. Rbd1 Kf7 31. Rd8 Kxe7 32. R8d7+ Kf6 33.
Rxh7 Rad8 34. Rxd8 Rxd8 35. Rxa7 Ke5 36. Re7+ Kd4 37. Re6 c4 38. Rxc6 c3 39.
Kf2 Kd3 40. Ke1 c2 41. a4 Rd4 42. a5 Re4+ 43. Kf2 Rc4 0-1

[Event "7. Abierto Int. Carlos I Silgar 2015"]
[Site "Sanxenxo ESP"]
[Date "2015.06.23"]
[Round "4.1"]
[White "Arribas Lopez, Angel"]
[Black "Santos Ruiz, Miguel"]
[Result "1-0"]
[WhiteElo "2537"]
[BlackElo "2329"]
[PlyCount "57"]
[EventDate "2015.06.20"]
[EventType "swiss"]
[EventRounds "9"]
[EventCountry "ESP"]
[SourceTitle "Ajedrez en Madrid"]
[Source "lmi"]
[SourceDate "2015.06.20"]

1. d4 e6 2. Nf3 Nf6 3. e3 b6 4. Bd3 d5 5. c4 Bd6 6. Nc3 Bb7 7. Qa4+ Nbd7 8.
cxd5 exd5 9. Ne5 a6 10. f4 c5 11. dxc5 b5 12. Qd1 Bxc5 13. Bf5 O-O 14. Nxd7
Nxd7 15. Nxd5 Nf6 16. Nxf6+ Qxf6 17. Qc2 Rac8 18. Bxc8 Rxc8 19. Bd2 Bxe3 20.
Qxc8+ Bxc8 21. Bxe3 Qxb2 22. Rd1 Qc3+ 23. Kf2 h5 24. Rd5 Qc4 25. Rhd1 f6 26.
Rc5 Qxa2+ 27. Rd2 Qe6 28. Rd8+ Kh7 29. Rxh5+ 1-0

[Event "7. Abierto Int. Carlos I Silgar 2015"]
[Site "Sanxenxo ESP"]
[Date "2015.06.23"]
[Round "4.2"]
[White "Suarez Gomez, Julio"]
[Black "Strikovic, Aleksa"]
[Result "0-1"]
[WhiteElo "2400"]
[BlackElo "2506"]
[PlyCount "72"]
[EventDate "2015.06.20"]
[EventType "swiss"]
[EventRounds "9"]
[EventCountry "ESP"]
[SourceTitle "Ajedrez en Madrid"]
[Source "lmi"]
[SourceDate "2015.06.20"]

1. e4 e5 2. Nf3 Nc6 3. Bb5 a6 4. Ba4 Nf6 5. O-O b5 6. Bb3 Be7 7. Re1 O-O 8. h3
d6 9. c3 Na5 10. Bc2 c5 11. d4 Qc7 12. b4 cxb4 13. cxb4 Nc4 14. Nbd2 Bd7 15.
Nxc4 bxc4 16. a4 Rab8 17. Rb1 d5 18. exd5 e4 19. Ne5 Bxb4 20. Bd2 a5 21. Qe2
Rfc8 22. Rec1 Bxd2 23. Qxd2 c3 24. Qe1 Rb4 25. Bb3 Be8 26. Nc6 Bxc6 27. Rxc3
Rxb3 28. Rbxb3 Nxd5 29. Rc5 Qd7 30. Qxa5 h6 31. Qa6 Ne7 32. Rbc3 Ra8 33. Qb6
Rxa4 34. Qb8+ Kh7 35. Qf4 Nd5 36. Qxe4+ f5 0-1

[Event "7. Abierto Int. Carlos I Silgar 2015"]
[Site "Sanxenxo ESP"]
[Date "2015.06.23"]
[Round "4.3"]
[White "Abal Cores, Lucas"]
[Black "Kantans, Toms"]
[Result "0-1"]
[WhiteElo "2373"]
[BlackElo "2451"]
[PlyCount "94"]
[EventDate "2015.06.20"]
[EventType "swiss"]
[EventRounds "9"]
[EventCountry "ESP"]
[SourceTitle "Ajedrez en Madrid"]
[Source "lmi"]
[SourceDate "2015.06.20"]

1. e4 d5 2. exd5 Qxd5 3. Nc3 Qd6 4. d4 g6 5. Bc4 Bg7 6. Nge2 Nf6 7. O-O O-O 8.
Bf4 Qd8 9. Qd2 c6 10. a4 Nbd7 11. a5 Re8 12. Rfd1 e6 13. b4 Qe7 14. Rab1 e5 15.
Bg5 Nf8 16. d5 h6 17. d6 Qd8 18. Bxf6 Qxf6 19. Ne4 Qh4 20. f3 Bd7 21. g3 Qh5
22. Nc5 b6 23. Nxd7 Nxd7 24. b5 cxb5 25. Bxb5 Red8 26. Bxd7 Rxd7 27. axb6 axb6
28. Qd5 Rc8 29. Rd2 Qg5 30. Rb3 Rc5 31. Qd3 Rc6 32. f4 exf4 33. Rb5 Rcxd6 34.
Rxg5 Rxd3 35. Rxd3 Rxd3 36. cxd3 hxg5 37. gxf4 g4 38. Kf2 Kf8 39. Ke3 f5 40. d4
Ke7 41. Kd3 Kd6 42. Kc4 Kc6 43. Kd3 b5 44. Nc3 b4 45. Nd1 Bh6 46. Ke3 Kd5 47.
Nb2 Bg7 0-1

[Event "7. Abierto Int. Carlos I Silgar 2015"]
[Site "Sanxenxo ESP"]
[Date "2015.06.23"]
[Round "4.4"]
[White "Movsziszian, Karen"]
[Black "Cruz Alvarez De Ron, Dan"]
[Result "1-0"]
[WhiteElo "2483"]
[BlackElo "2181"]
[PlyCount "64"]
[EventDate "2015.06.20"]
[EventType "swiss"]
[EventRounds "9"]
[EventCountry "ESP"]
[SourceTitle "Ajedrez en Madrid"]
[Source "lmi"]
[SourceDate "2015.06.20"]

1. g3 d5 2. Bg2 e5 3. d3 Nc6 4. a3 h5 5. Nf3 Be7 6. h4 Nh6 7. b4 Bf6 8. c3 Bf5
9. Ng5 O-O 10. e4 dxe4 11. Nxe4 Bg4 12. Qc2 Be7 13. Bxh6 gxh6 14. Nbd2 f5 15.
Nc5 Bxc5 16. bxc5 f4 17. O-O f3 18. Bh1 Qd5 19. Rfe1 Qxc5 20. Qb3+ Kh8 21. Re3
b6 22. Bxf3 Bxf3 23. Nxf3 Rad8 24. Rae1 Rd7 25. R1e2 e4 26. d4 Qf5 27. Nd2 Na5
28. Qa4 Rdf7 29. Rxe4 Qh3 30. Re8 c6 31. Rxf8+ Rxf8 32. Qb4 Rxf2 1-0

[Event "7. Abierto Int. Carlos I Silgar 2015"]
[Site "Sanxenxo ESP"]
[Date "2015.06.23"]
[Round "4.5"]
[White "Piasetski, Leon"]
[Black "Hoffman, Alejandro"]
[Result "1-0"]
[WhiteElo "2272"]
[BlackElo "2456"]
[PlyCount "79"]
[EventDate "2015.06.20"]
[EventType "swiss"]
[EventRounds "9"]
[EventCountry "ESP"]
[SourceTitle "Ajedrez en Madrid"]
[Source "lmi"]
[SourceDate "2015.06.20"]

1. Nf3 g6 2. c4 Bg7 3. d4 c5 4. e4 cxd4 5. Nxd4 Nc6 6. Be3 Nf6 7. Nc3 O-O 8.
Be2 d6 9. O-O Nxd4 10. Bxd4 Bd7 11. Qd2 Bc6 12. f3 a5 13. b3 Nd7 14. Be3 Nc5
15. Rac1 Qb6 16. Rc2 Rfc8 17. Rb1 h5 18. Bf1 Kh7 19. Bf2 Qd8 20. Rd1 b6 21. h3
Be5 22. g4 e6 23. Ne2 hxg4 24. hxg4 Qe7 25. g5 Rh8 26. Bg2 Kg8 27. f4 Nxe4 28.
Qe1 Bg7 29. Nd4 Bb7 30. Nb5 e5 31. Bxb6 exf4 32. Nxd6 f3 33. Bxf3 Qxg5+ 34. Rg2
Qh6 35. Nxe4 Qh1+ 36. Kf2 Qh4+ 37. Kf1 Re8 38. Qxh4 Rxh4 39. Nf6+ Bxf6 40. Bxb7
1-0

[Event "7. Abierto Int. Carlos I Silgar 2015"]
[Site "Sanxenxo ESP"]
[Date "2015.06.23"]
[Round "4.6"]
[White "Larino Nieto, David"]
[Black "Rodriguez Lopez, Rafael"]
[Result "1-0"]
[WhiteElo "2451"]
[BlackElo "2257"]
[PlyCount "93"]
[EventDate "2015.06.20"]
[EventType "swiss"]
[EventRounds "9"]
[EventCountry "ESP"]
[SourceTitle "Ajedrez en Madrid"]
[Source "lmi"]
[SourceDate "2015.06.20"]

1. Nf3 Nf6 2. b3 g6 3. Bb2 Bg7 4. g3 O-O 5. Bg2 d6 6. d4 Nbd7 7. O-O e5 8. dxe5
Ng4 9. c4 dxe5 10. Nc3 Re8 11. e3 e4 12. Nd2 Nc5 13. Ndxe4 Nd3 14. Qc2 Nxb2 15.
Qxb2 Qe7 16. Rae1 Bf5 17. Qc1 c6 18. Rd1 Rad8 19. c5 Bxc3 20. Nxc3 Qxc5 21. h3
Ne5 22. e4 Nd3 23. Qg5 Qxc3 24. exf5 Qa5 25. Rd2 Ne5 26. b4 Qc7 27. Re2 Nd7 28.
Rfe1 Rxe2 29. Rxe2 Nf8 30. Re7 Rd7 31. f6 Qd8 32. Qe5 Ne6 33. Rxd7 Qxd7 34.
Qb8+ Qd8 35. Qxb7 Qxf6 36. Qxa7 Qa1+ 37. Kh2 Nd4 38. Qb8+ Kg7 39. Qe5+ Kg8 40.
Qe8+ Kg7 41. Qe5+ Kg8 42. Qf6 Qd1 43. Bxc6 Ne2 44. h4 Nc1 45. a4 Qd2 46. a5 Nd3
47. Bd5 1-0

[Event "7. Abierto Int. Carlos I Silgar 2015"]
[Site "Sanxenxo ESP"]
[Date "2015.06.23"]
[Round "4.7"]
[White "Fernandez Borrego, Pablo"]
[Black "Pena Torres, Jose Carlos"]
[Result "1-0"]
[WhiteElo "2378"]
[BlackElo "2000"]
[PlyCount "109"]
[EventDate "2015.06.20"]
[EventType "swiss"]
[EventRounds "9"]
[EventCountry "ESP"]
[SourceTitle "Ajedrez en Madrid"]
[Source "lmi"]
[SourceDate "2015.06.20"]

1. c4 Nf6 2. Nc3 e6 3. e4 d6 4. d4 Be7 5. Nf3 O-O 6. Be2 c5 7. d5 exd5 8. exd5
Bg4 9. Be3 Nbd7 10. Nd2 Ne5 11. f3 Bf5 12. O-O Re8 13. g4 Bc8 14. h3 h6 15. f4
Ng6 16. Bd3 Nf8 17. Qf3 Ng6 18. Rae1 Bd7 19. Re2 a6 20. Bb1 b5 21. b3 b4 22.
Nd1 Nh4 23. Qg3 Nh7 24. Bf2 Bf6 25. Ne4 Ng6 26. Rfe1 Bh4 27. Qf3 Bxf2+ 28.
Ndxf2 Qc7 29. Qg3 Rf8 30. f5 Ne5 31. Nxd6 Qxd6 32. Qxe5 Qxe5 33. Rxe5 Nf6 34.
Nd3 Rac8 35. Kf2 Rfe8 36. Bc2 Kf8 37. Bd1 Rxe5 38. Rxe5 Be8 39. Bf3 Nd7 40. Re3
a5 41. Kg3 a4 42. d6 axb3 43. axb3 Nf6 44. Re5 Rd8 45. Rxc5 Rxd6 46. Nxb4 Rb6
47. Nd5 Nxd5 48. cxd5 Rxb3 49. Rc7 Rd3 50. Kf4 f6 51. Ke4 Rd2 52. Ke3 Rh2 53.
d6 Rxh3 54. Rc8 Kf7 55. Kf4 1-0

[Event "7. Abierto Int. Carlos I Silgar 2015"]
[Site "Sanxenxo ESP"]
[Date "2015.06.23"]
[Round "4.8"]
[White "Alvarez Fernandez, Enrique"]
[Black "Boado Rodriguez, Martin"]
[Result "1-0"]
[WhiteElo "2314"]
[BlackElo "2153"]
[PlyCount "65"]
[EventDate "2015.06.20"]
[EventType "swiss"]
[EventRounds "9"]
[EventCountry "ESP"]
[SourceTitle "Ajedrez en Madrid"]
[Source "lmi"]
[SourceDate "2015.06.20"]

1. d4 b5 2. e4 Bb7 3. Bxb5 Bxe4 4. Nf3 e6 5. O-O Nf6 6. Re1 Be7 7. c4 O-O 8.
Nc3 Bc6 9. Bxc6 Nxc6 10. d5 Na5 11. h3 Re8 12. Bf4 Bb4 13. Qc2 Nb7 14. a3 Bd6
15. Bg5 h6 16. Bh4 c6 17. dxc6 dxc6 18. Rad1 Qa5 19. b4 Qc7 20. c5 Be7 21. Bg3
Qc8 22. Ne5 a5 23. Na4 Nd5 24. Rxd5 exd5 25. Nb6 Qe6 26. Nf3 Qf6 27. Be5 Qg6
28. Qxg6 fxg6 29. Nxa8 Rxa8 30. Bxg7 Kf7 31. Bxh6 axb4 32. Ne5+ Kf6 33. axb4
1-0

[Event "7. Abierto Int. Carlos I Silgar 2015"]
[Site "Sanxenxo ESP"]
[Date "2015.06.23"]
[Round "4.9"]
[White "Tallarico Tallarico, Ovido Mar"]
[Black "Medarde Santiago, Luis Marcos"]
[Result "1/2-1/2"]
[WhiteElo "2133"]
[BlackElo "2273"]
[PlyCount "120"]
[EventDate "2015.06.20"]
[EventType "swiss"]
[EventRounds "9"]
[EventCountry "ESP"]
[SourceTitle "Ajedrez en Madrid"]
[Source "lmi"]
[SourceDate "2015.06.20"]

1. b3 e5 2. Bb2 Nc6 3. e3 Nf6 4. Bb5 Bd6 5. Bxc6 dxc6 6. d3 e4 7. Nd2 Bg4 8. f3
exf3 9. Ngxf3 Qe7 10. Qe2 O-O-O 11. O-O-O Nd5 12. e4 Ba3 13. Nb1 Bxb2+ 14. Kxb2
Qf6+ 15. e5 Qf5 16. Rhf1 Rhe8 17. h3 Bxf3 18. Rxf3 Rxe5 19. Qf2 Qg5 20. Rxf7
Qh5 21. Rd2 Qg6 22. Rf8 Rxf8 23. Qxf8+ Re8 24. Qf2 b6 25. Nc3 Nf6 26. Re2 Kb7
27. Qf3 Qf7 28. a4 Rxe2 29. Qxe2 Qd7 30. Qe3 Qf5 31. g4 Qa5 32. Qd4 Qg5 33. Ne4
Nxe4 34. Qxe4 Qf6+ 35. d4 h6 36. Ka2 Qd6 37. Qe3 Qd5 38. c4 Qg2+ 39. Ka3 Qf1
40. Kb2 Qg2+ 41. Kc3 Qf1 42. Kd2 a5 43. Qd3 Qg2+ 44. Kc3 Qg1 45. d5 Qc1+ 46.
Kd4 Qf4+ 47. Qe4 Qf6+ 48. Qe5 Qf2+ 49. Qe3 Qb2+ 50. Ke4 cxd5+ 51. cxd5 Kc8 52.
Qf3 Kb7 53. Qd3 Qf6 54. Ke3 h5 55. Qe4 Qc3+ 56. Qd3 Qe1+ 57. Kf4 Qf2+ 58. Qf3
Qd2+ 59. Kf5 hxg4 60. hxg4 Qd4 1/2-1/2

[Event "7. Abierto Int. Carlos I Silgar 2015"]
[Site "Sanxenxo ESP"]
[Date "2015.06.23"]
[Round "4.10"]
[White "Iwanow, Anna"]
[Black "Esteban Romo, Francisco J"]
[Result "1-0"]
[WhiteElo "2251"]
[BlackElo "2008"]
[PlyCount "73"]
[EventDate "2015.06.20"]
[EventType "swiss"]
[EventRounds "9"]
[EventCountry "ESP"]
[SourceTitle "Ajedrez en Madrid"]
[Source "lmi"]
[SourceDate "2015.06.20"]

1. e4 d6 2. d4 Nf6 3. Nc3 c6 4. Nf3 Bg4 5. h3 Bh5 6. Be3 e6 7. Bd3 d5 8. O-O
Be7 9. Qe2 Bg6 10. Nd2 O-O 11. Rad1 a6 12. Rfe1 Qc7 13. Qf3 Nxe4 14. Ndxe4 dxe4
15. Nxe4 Nd7 16. Re2 Nf6 17. c4 Rad8 18. Rc2 Nxe4 19. Bxe4 f5 20. Bd3 e5 21.
dxe5 Qxe5 22. Bf4 Qa5 23. a3 Bd6 24. Bxd6 Rxd6 25. c5 Rdd8 26. b4 Qc7 27. Rcd2
Kh8 28. h4 h6 29. h5 Bh7 30. Bc2 Rxd2 31. Rxd2 Qe5 32. Rd1 Bg8 33. Qe3 Qf6 34.
Rd6 Qa1+ 35. Kh2 f4 36. Qe4 Qxa3 37. Rxh6+ 1-0

[Event "7. Abierto Int. Carlos I Silgar 2015"]
[Site "Sanxenxo ESP"]
[Date "2015.06.24"]
[Round "5.1"]
[White "Strikovic, Aleksa"]
[Black "Arribas Lopez, Angel"]
[Result "0-1"]
[WhiteElo "2506"]
[BlackElo "2537"]
[PlyCount "70"]
[EventDate "2015.06.20"]
[EventType "swiss"]
[EventRounds "9"]
[EventCountry "ESP"]
[SourceTitle "Ajedrez en Madrid"]
[Source "lmi"]
[SourceDate "2015.06.20"]

1. c4 e5 2. Nc3 d6 3. d4 exd4 4. Qxd4 Nc6 5. Qd2 Nf6 6. b3 a5 7. Bb2 a4 8. Nd5
axb3 9. axb3 Rxa1+ 10. Bxa1 Ne5 11. Nf3 c6 12. Nxf6+ Qxf6 13. Nxe5 dxe5 14. e4
Qg6 15. f3 Bd6 16. Bd3 O-O 17. O-O Bc5+ 18. Kh1 Qd6 19. Rd1 Rd8 20. Bc3 Bd4 21.
Be2 c5 22. Bxd4 exd4 23. f4 Qb6 24. Rb1 d3 25. Bf3 Be6 26. Qc3 Rd4 27. Rd1 Qd8
28. Rd2 f6 29. g3 g5 30. f5 Bf7 31. Kg1 b5 32. cxb5 Qb6 33. Kf2 c4 34. Kg2 cxb3
35. Rxd3 b2 0-1

[Event "7. Abierto Int. Carlos I Silgar 2015"]
[Site "Sanxenxo ESP"]
[Date "2015.06.24"]
[Round "5.2"]
[White "Kantans, Toms"]
[Black "Movsziszian, Karen"]
[Result "0-1"]
[WhiteElo "2451"]
[BlackElo "2483"]
[PlyCount "60"]
[EventDate "2015.06.20"]
[EventType "swiss"]
[EventRounds "9"]
[EventCountry "ESP"]
[SourceTitle "Ajedrez en Madrid"]
[Source "lmi"]
[SourceDate "2015.06.20"]

1. e4 g6 2. d4 Bg7 3. Nc3 d6 4. f4 Nf6 5. Nf3 c5 6. e5 Nfd7 7. exd6 O-O 8. Be3
exd6 9. Qd2 Nc6 10. O-O-O Qa5 11. g4 Rb8 12. Kb1 Nf6 13. g5 Nh5 14. Be2 Re8 15.
Rhe1 b5 16. dxc5 Bxc3 17. Qxc3 Qxc3 18. bxc3 Rxe3 19. Rxd6 Nxf4 20. Bd1 Rxe1
21. Nxe1 Bb7 22. Bf3 Rd8 23. Nd3 Rxd6 24. cxd6 Nxd3 25. cxd3 Kf8 26. a4 a6 27.
Kb2 Ke8 28. c4 bxc4 29. dxc4 Kd7 30. c5 Nd8 0-1

[Event "7. Abierto Int. Carlos I Silgar 2015"]
[Site "Sanxenxo ESP"]
[Date "2015.06.24"]
[Round "5.3"]
[White "Alvarez Fernandez, Enrique"]
[Black "Larino Nieto, David"]
[Result "1/2-1/2"]
[WhiteElo "2314"]
[BlackElo "2451"]
[PlyCount "120"]
[EventDate "2015.06.20"]
[EventType "swiss"]
[EventRounds "9"]
[EventCountry "ESP"]
[SourceTitle "Ajedrez en Madrid"]
[Source "lmi"]
[SourceDate "2015.06.20"]

1. d4 g6 2. c4 c5 3. Nf3 Bg7 4. dxc5 Qa5+ 5. Nbd2 Nc6 6. e3 Nf6 7. Be2 Ne4 8.
O-O Nxc5 9. Nb3 Nxb3 10. Qxb3 Qb6 11. Qxb6 axb6 12. Rd1 Ra4 13. Nd4 Na5 14. Bd2
Nc6 15. Bc3 Nxd4 16. Bxd4 Bxd4 17. exd4 Kd8 18. a3 d6 19. f4 Be6 20. b3 Ra7 21.
d5 Bd7 22. a4 Kc7 23. Kf2 Re8 24. Rd2 Ra5 25. Bf3 e5 26. dxe6 Rxe6 27. Rad1 Rf6
28. Rd4 h6 29. Bd5 Bc6 30. g3 g5 31. Kf3 h5 32. Ke3 g4 33. Rf1 Bd7 34. Kf2 h4
35. Re1 Ra8 36. Re7 hxg3+ 37. hxg3 Rh8 38. Rxf7 Rxf7 39. Bxf7 Rh2+ 40. Ke1 Rb2
41. Rd3 Bf5 42. Re3 Kc6 43. Bd5+ Kc5 44. Bxb7 Kd4 45. Re2 Rxb3 46. Rd2+ Bd3 47.
Bc8 Ke3 48. Bxg4 Rb1+ 49. Bd1 Ra1 50. g4 Bxc4 51. Rxd6 Ra2 52. Rh6 Rg2 53. Rh3+
Kxf4 54. Rc3 Be6 55. Rc6 Bd5 56. Rc3 Ra2 57. Rc2 Ra1 58. Rf2+ Ke5 59. Kd2 Ra2+
60. Bc2 Be4 1/2-1/2

[Event "7. Abierto Int. Carlos I Silgar 2015"]
[Site "Sanxenxo ESP"]
[Date "2015.06.24"]
[Round "5.4"]
[White "Piasetski, Leon"]
[Black "Fernandez Borrego, Pablo"]
[Result "1/2-1/2"]
[WhiteElo "2272"]
[BlackElo "2378"]
[PlyCount "83"]
[EventDate "2015.06.20"]
[EventType "swiss"]
[EventRounds "9"]
[EventCountry "ESP"]
[SourceTitle "Ajedrez en Madrid"]
[Source "lmi"]
[SourceDate "2015.06.20"]

1. Nf3 e6 2. c4 d5 3. d4 c6 4. e3 a6 5. b3 Nf6 6. Bd3 b5 7. O-O Nbd7 8. Nc3 b4
9. Na4 dxc4 10. Bxc4 Bb7 11. Bb2 Be7 12. Qe2 O-O 13. Rfd1 Qa5 14. Ne5 Nxe5 15.
dxe5 Nd5 16. Bxd5 cxd5 17. Rac1 Rfc8 18. Bd4 Rc6 19. Rxc6 Bxc6 20. Qc2 Bxa4 21.
bxa4 Qd8 22. Rc1 f6 23. Qc6 Kf7 24. f4 Qe8 25. Kf2 Qxc6 26. Rxc6 Bd8 27. g4
fxe5 28. Bxe5 Bf6 29. Rc7+ Kg6 30. Kg3 Bxe5 31. fxe5 Rb8 32. Re7 Rb6 33. a5 Rc6
34. h4 h6 35. h5+ Kh7 36. Rb7 Rc3 37. Kf4 Rc4+ 38. Kf3 Kg8 39. Rb6 Kf7 40. Rxa6
Rc2 41. Ra7+ Kf8 42. Ra8+ 1/2-1/2